|
|
|
แสดงรายละเอียดบรรณานุกรม |
|
|
Brief Record
: Get Marc (ISO 2709)
: E-mail record
: |
|
|
| LEADER 00000nam 2200000uu 4500 | |||
| 001 13399128813 | |||
| 003 BCNR | |||
| 008 220425s2568 th a 000 0 tha d | |||
| 020 ^a9786165720304 | |||
| 041 ^atha | |||
| 060 04 ^aWY106^bช145พ 2568 | |||
| 100 0 ^aชนัญชิดาดุษฎี ทูลศิริ | |||
| 245 10 ^aพยาบาลเวชปฏิบัติ : การวินิจฉัยแยกโรคตามอาการและอาการแสดงที่พบบ่อยในระดับปฐมภูมิ =^bNurse practitioners : differential diagnosis of common signs and symptoms in primary care /^cชนัญชิดาดุษฎี ทูลศิริ | |||
| 246 31 ^aNurse practitioners : differential diagnosis of common signs and symptoms in primary care | |||
| 250 ^aพิมพ์ครั้งที่ 6 (ฉบับปรับปรุง) | |||
| 260 ^aเชียงใหม่ :^bวนิดาการพิมพ์,^c2568 | |||
| 300 ^aก-ซ, 116 หน้า :^bภาพประกอบ, ตาราง ;^c25 ซม. | |||
| 505 0 ^aส่วนที่ 1 บทนำ : บทบาทของพยาบาลเวชปฏิบัติ -- ส่วนที่ 2 การวินิจฉัยแยกโรค ; ไข้ -- ไอ -- ปวดศีรษะ -- ปวดท้อง | |||
| 650 4 ^aการพยาบาล | |||
| 650 4 ^aการประเมินทางการพยาบาล | |||
| 650 4 ^aการวินิจฉัยโรค | |||
| 650 4 ^aพยาบาลเวชปฏิบัติ | |||
| 650 4 ^aเวชปฏิบัติ | |||
| 710 2 ^aมหาวิทยาลัยบูรพา. ^bคณะพยาบาลศาสตร์.^bสาขาวิชาการพยาบาลชุมชน | |||
| 999 ^aบรรณารักษ์ | |||
| คุณยังไม่ได้ล็อกอิน คุณสามารถมีกิจกรรมร่วมกับเว็บไซต์ได้ แต่ต้องล็อกอินก่อน :: |
|
| สถานะ | |||||||||
| 1. | หนังสือ | WY106 ช145พ 2568 c.1 Barcode: 088002 | ►หนังสือทั่วไป | On Shelf | |||||
| 2. | หนังสือ | WY106 ช145พ 2568 c.2 Barcode: 088003 | ►หนังสือทั่วไป | On Shelf | |||||
| 3. | หนังสือ | WY106 ช145พ 2568 c.3 Barcode: 088004 | ►หนังสือทั่วไป | On Shelf | |||||
| 4. | หนังสือ | WY106 ช145พ 2568 c.4 Barcode: 088005 | ►หนังสือทั่วไป | On Shelf | |||||
| 5. | หนังสือ | WY106 ช145พ 2568 c.5 Barcode: 088006 | ►หนังสือทั่วไป | On Shelf | |||||
| [แสดง 5/5 รายการ] | |||||||||
BibComment |
| คอมเมนท์ทรัพยากรรายการนี้ |
|
|